<?xml version="1.0" encoding="UTF-8"?>
<collection xmlns:xsi="http://www.w3.org/2001/XMLSchema-instance" xsi:schemaLocation="http://www.loc.gov/MARC21/slim http://www.loc.gov/standards/marcxml/schema/MARC21slim.xsd" xmlns="http://www.loc.gov/MARC21/slim">
 <record>
  <leader>00000ctm a22000003a 4500</leader>
  <controlfield tag="001">UP-8027390931313988435</controlfield>
  <controlfield tag="003">Buklod</controlfield>
  <controlfield tag="005">20170623140412.0</controlfield>
  <controlfield tag="006">m    |o  d |      </controlfield>
  <controlfield tag="007">ta</controlfield>
  <controlfield tag="008">170623s        xx     d     r    |||| u|</controlfield>
  <datafield tag="035" ind1=" " ind2=" ">
   <subfield code="a">(iLib)UPVIS-00047562352</subfield>
  </datafield>
  <datafield tag="037" ind1=" " ind2=" ">
   <subfield code="a">Gift</subfield>
  </datafield>
  <datafield tag="040" ind1=" " ind2=" ">
   <subfield code="a">VML/ess 6.23.17</subfield>
  </datafield>
  <datafield tag="041" ind1=" " ind2=" ">
   <subfield code="a">eng</subfield>
  </datafield>
  <datafield tag="090" ind1=" " ind2="0">
   <subfield code="a">LG 993 2005 P7 G56</subfield>
  </datafield>
  <datafield tag="100" ind1="0" ind2=" ">
   <subfield code="a">Gilsa, Gleezel B.</subfield>
  </datafield>
  <datafield tag="245" ind1="0" ind2="0">
   <subfield code="a">HRDO managers</subfield>
   <subfield code="b">attitude and readiness to hire physically disabled workers in selectede hotels in Iloilo City.</subfield>
   <subfield code="c">Gleezel B. Gilsa and Maria Teresa S. Jamili.</subfield>
  </datafield>
  <datafield tag="264" ind1=" " ind2="1">
   <subfield code="a">2005.</subfield>
  </datafield>
  <datafield tag="300" ind1=" " ind2=" ">
   <subfield code="a">47 leaves</subfield>
   <subfield code="b">tables, computer print-out and appendices</subfield>
  </datafield>
  <datafield tag="500" ind1=" " ind2=" ">
   <subfield code="a">Research Project (Undergraduate, Bachelor of Arts in Psychology-Management) College of Arts and Sciences, UP Visayas, Miagao, Iloilo</subfield>
  </datafield>
  <datafield tag="520" ind1="3" ind2=" ">
   <subfield code="a">This study aims to determine the attitude of hotel HRDO managers towards physically disabled workers.  Further, it aims to determine how ready the hotel HRDO managers towards hiring physically disabled workers., Eight (8) hotel HRDO managers participated in this study.  An attitude scale towards physically disabled workers and an interview guide were utilized in this study .  This is to determine their attitude and readiness to hire physically disabled workers. Results of the study reveals that majority (87.5 of the respondents holds positive attitude towards PDWs.  Hotel HRDO expressed their willingness to hire PDWs in their company as long as they can comply with the requirements and that they have the capacity to perform the tasks assigned to them.</subfield>
  </datafield>
  <datafield tag="650" ind1="1" ind2="0">
   <subfield code="a">Workers, Disabled</subfield>
   <subfield code="x">Hotels</subfield>
   <subfield code="z">Iloilo City.</subfield>
  </datafield>
  <datafield tag="700" ind1="0" ind2=" ">
   <subfield code="a">Jamili, Maria Teresa S.</subfield>
  </datafield>
  <datafield tag="720" ind1=" " ind2=" ">
   <subfield code="a">Go, Jose</subfield>
   <subfield code="e">Adviser.</subfield>
  </datafield>
  <datafield tag="852" ind1="0" ind2=" ">
   <subfield code="a">UPVIS</subfield>
   <subfield code="b">UPV-ML</subfield>
   <subfield code="h">LG 993 2005 P7 G56</subfield>
  </datafield>
  <datafield tag="942" ind1=" " ind2=" ">
   <subfield code="a">Thesis</subfield>
  </datafield>
 </record>
</collection>
